Time to watch the wasteline (Record no. 117785)
[ view plain ]
| 000 -LEADER | |
|---|---|
| fixed length control field | 01106cam a2200241 4500 |
| 001 - CONTROL NUMBER | |
| control field | ABS68022 |
| 008 - FIXED-LENGTH DATA ELEMENTS--GENERAL INFORMATION | |
| fixed length control field | 040728n2004 000 0 eng u |
| 035 ## - SYSTEM CONTROL NUMBER | |
| System control number | (Sirsi) u126960 |
| 100 ## - MAIN ENTRY--PERSONAL NAME | |
| Personal name | Lee-Wright, M. |
| 245 ## - TITLE STATEMENT | |
| Title | Time to watch the wasteline |
| 260 ## - PUBLICATION, DISTRIBUTION, ETC. | |
| Date of publication, distribution, etc. | 2004 |
| 490 ## - SERIES STATEMENT | |
| Series statement | Estates Gazette |
| Volume/sequential designation | (0428) 17 July 2004, 114(1) |
| 520 ## - SUMMARY, ETC. | |
| Summary, etc. | Next year property developers will most likely have to include environmental data in their annual reports when the new company reporting rules, under the Companies Act 1985, come into force. Looks at what developers should consider; supplies, including energy and services, operations on sites and materials out, including waste, effluents, noise and smoke. Advises the property industry to start thinking about how to respond to the challenge of reporting on their environmental performance. |
| 590 ## - LOCAL NOTE (RLIN) | |
| Local note | ABS |
| 590 ## - LOCAL NOTE (RLIN) | |
| Local note | ABS |
| 650 ## - SUBJECT ADDED ENTRY--TOPICAL TERM | |
| Topical term or geographic name entry element | COMPANY REPORTS |
| 650 ## - SUBJECT ADDED ENTRY--TOPICAL TERM | |
| Topical term or geographic name entry element | ENVIRONMENTAL REPORTING |
| 650 ## - SUBJECT ADDED ENTRY--TOPICAL TERM | |
| Topical term or geographic name entry element | PROPERTY DEVELOPERS |
| 650 ## - SUBJECT ADDED ENTRY--TOPICAL TERM | |
| Topical term or geographic name entry element | ENVIRONMENTAL DATA |
| 650 ## - SUBJECT ADDED ENTRY--TOPICAL TERM | |
| Topical term or geographic name entry element | ENVIRONMENTAL PERFORMANCE |
| 690 ## - LOCAL SUBJECT ADDED ENTRY--TOPICAL TERM (OCLC, RLIN) | |
| Topical term or geographic name as entry element | ENVIRONMENT |
| 9 (RLIN) | 6238 |
| 942 ## - ADDED ENTRY ELEMENTS (KOHA) | |
| Suppress in OPAC | 0 |
| Withdrawn status | Lost status | Source of classification or shelving scheme | Damaged status | Not for loan | Home library | Current library | Shelving location | Date acquired | Total Checkouts | Full call number | Barcode | Date last seen | Copy number | Price effective from | Koha item type |
|---|---|---|---|---|---|---|---|---|---|---|---|---|---|---|---|
| Dewey Decimal Classification | London | London | Journal article | 28/07/2004 | ABS68022 | 126960-1001 | 06/08/2019 | 1 | 06/08/2019 | Journal article |